000 00700nam a2200205Ia 4500
001 17668
003 GE_BSU
008 181216s||||||||xx |||||||||||||| ||und||
040 _cGE_BSU
080 _a624.13(035.5)
100 _aРоговский,Л.В. Миропольская,Н.К. Вестерский,Н.М. и др.
245 _aСправочник по общестроительным работам:земляные работы.
260 _aМ.
260 _bГосстройиздат.
260 _c1960.
300 _a405 стр. с илл. 21 см.
300 _eТабл.
653 _aСправочник по общестроительным работам.
942 _cBK
999 _c50717
_d50717